000 00835nam a2200265Ia 4500
003 OSt
005 20220918221525.0
006 a|||||r|||| 00| 0
007 ta
008 220917b |||||||| |||| 00| 0 eng d
024 _a195,330
037 _cTextual
040 _aARTS
_cARTS
_beng
041 _2eng
_aeng
082 _a2:(X:26), P1-;1(2D)
100 _aKingma Bruce R
_9140704
245 0 _aEconomics of information
_b a guide to economic and cost-benefit analysis for information professionals
250 _a2nd
260 _aEnglewood
_bLibraries Unlimited Inc.
_c2001
300 _axii,180p.
_ccm.
490 _aLibrary and information science text series
650 _aLIBRARY SCIENCE; INDUSTRIES
_9140705
942 _h2:(X:26), P1-;1(2D)
_cTEXL
_2CC
999 _c272795
_d272795